LEADER 01033nam a2200241 i 4500 001 000000088819 003 CaOOAMICUS 005 20180830150037.0 008 180830s1977 xx u000 u und u 013 $a61060 040 $aSeMil$bita 100 1 $aCiccone, Lino .$0(OLS)http://semarc/name/12295 245 10$aEtica sessuale cristiana dopo la dichiarazione "Persona humana". 260 $aMilano :$bAres,$c1977. 300 $a303 p. 490 0 $aSagitta. Nuova serie [Ares] 650 4$aMorale sessuale.$0(OLS)http://semarc/subject/3413 650 4$aSacre Congregazioni - Congregazione per la Dottrina della Fede .$0(OLS)http://semarc/subject/14764 830 0$aSagitta. Nuova serie.$0(OLS)http://semarc/title/10348 850 $aSeMil 852 $aSeMil$W1$xVenegono$y1$m160 5 27 *$j52025$B52025$CSeMilBibl$Z2$F56419 $81 996 $6245$aEtica sessuale cristiana dopo la dichiarazione "Persona humana"$9(OLS)http://semarc/title/134652 996 $6260$aMilano :$bAres$9(OLS)http://semarc/publisher/30250 LEADER 01304nam a2200325 i 4500 001 000000041964 003 CaOOAMICUS 005 20221019144751.0 008 950427s1994 fr u000 u fre u 013 $a13134 020 $a2-204-05141-1 040 $aSeMil$bita 100 0 $aNilus,$c.$0(OLS)http://semarc/name/4933 245 10$aTome 1 /$cNil d'Ancyre. 264 1$aParis :$bLes Éditions du Cerf,$c1994. 300 $a383 p. ;$c20 cm 490 1 $aSources Chrétiennes ;$v403 773 0 $aNilus $tCommentaire sur le Cantique des Cantiques.$dParis : Les Éditions du Cerf, 1994-2022.$bEd. princeps$kSources chrétiennes$w()10091 830 0$aSources chrétiennes ;$v403.$0(OLS)http://semarc/title/72 850 $aSeMil 852 $aSeMil$W1$xVenegono$y1$mSL1.T VIII 403$j8119$B8119$CSeMilBibl$Z2$F8119 $8I 900 0 $aNilus : Ancyranensis. 900 0 $aNilo : di Ancira. 961 $aSottoscrizione: Cerf (Éditions) 996 $6020$a2-204-05141-1$9(OLS)http://semarc/number/13005 996 $6245$aTome 1$9(OLS)http://semarc/title/63803 996 $6264$aParis :$bLes Éditions du Cerf$9(OLS)http://semarc/publisher/29611